A ilha fantástica (Record no. 46033)

MARC details
000 -Etiqueta do registo
Valores 00501cam a2200205 4500
010 ## - Número ISBN
ISBN 9722109170
021 ## - Número do Depósito Legal
Número 75394/94
100 ## - Dados gerais de processamento
Dados gerais 20000309d1999 m y0pory5003 ba
101 0# - Língua de publicação
Língua por
102 ## - País de publicação
País CV
200 1# - Titulo e menção de responsabilidade
Título próprio A ilha fantástica
Primeira menção de responsabilidade Germano Almeida
205 ## - Menção da edição
Edição 4.ª ed.
210 #9 - Publicação
Local de publicação Cabo Verde
Nome do editor Ilhéu Editora
Data de publicação 1998
215 ## - Descrição física 
Paginação / Volumes 223 p.
675 ## - CDU
Notação 821.134.3(665.8)-31"19/20"
Edição BN
Língua por
700 #1 - Autor principal
Apelido Almeida,
Nome Germano,
Datas 1945-
801 ## - Fonte de origem
País PT
Regras de catalogação RPC
990 ## - Elementos KOHA
Tipo de documento Livro
Holdings
Aquisição Empréstimo Código de barras Cota Permissão de empréstimo Tipo de documento
Biblioteca Escolar Doutor Hernâni Cidade Biblioteca Escolar Doutor Hernâni Cidade 82877 82-31 ALM ROMANCE   Livro

Powered by Koha